LIBRARY & INFORMATION CENTRE, KCAET, TAVANUR

ONLINE PUBLIC ACCESS CATALOGUE (OPAC)

Hand book of water quality management planning / (Record no. 5418)

MARC details
000 -LEADER
fixed length control field 00426cam a2200157ua 4500
003 - CONTROL NUMBER IDENTIFIER
control field OSt
008 - FIXED-LENGTH DATA ELEMENTS--GENERAL INFORMATION
fixed length control field 240203b |||||||| |||| 00| 0 eng d
020 ## - INTERNATIONAL STANDARD BOOK NUMBER
ISBN 0 442 23282 9
041 ## - LANGUAGE CODE
Language code of text/sound track or separate title eng
082 ## - DEWEY DECIMAL CLASSIFICATION NUMBER
Classification number 628.1
Item number PAV/HA
100 ## - MAIN ENTRY--AUTHOR NAME
Personal name Pavoni, Joseph L .
245 ## - TITLE STATEMENT
Title Hand book of water quality management planning /
260 ## - PUBLICATION, DISTRIBUTION, ETC. (IMPRINT)
Place of publication New York :
Name of publisher Van Nostrand Reinhold Company ,
Year of publication 1977.
300 ## - PHYSICAL DESCRIPTION
Number of Pages 420 ; .
942 ## - ADDED ENTRY ELEMENTS (KOHA)
Koha item type Books
Holdings
Withdrawn status Lost status Damaged status Home library Current library Shelving location Date acquired Full call number Accession Number Koha item type
      KAUAET KAUAET General Stacks 07/04/2012 628.1 PAV/HA 16363 Books
      KAUAET KAUAET General Stacks 19/08/1986 628.1 PAV/HA 15351 Books
free website counter